000
00306nam a2200121Ia 4500
008
190216s9999||||xx |||||||||||||| ||und||
100
_a
Harry G Guthmann
245
0
_a
Analysis Of Financial Statements
260
_b
Prentice Hall Of India Pvt Ltd
_c
1976
300
_a
703p
650
_a
Commerce
942
_c
BK
999
_c
3939
_d
3939